States and Territories Established in 1950 on a Map - Statistics

General Stats
  • This quiz has been taken 45 times
  • The average score is 4 of 19
Answers on the Map
Answers color-coded by a green-red scale on the quiz's map according to % correct below.
 
Answer Stats
Answer % Correct
Greenland
97%
Somaliland
77%
Uttar Pradesh
46%
East Java
37%
West Java
37%
Central Java
34%
Rajasthan
31%
South Sumatra
31%
Yogyakarta
20%
Madras
17%
Koszalin
9%
Republic of South Maluku
6%
Ajmer
3%
Chamdo
3%
Domains of the Crown
0%
Independencia
0%
Occidental Mindoro
0%
Oriental Mindoro
0%
Xikang
0%
No matching quizzes found
Score Distribution
Percent of People with Each Score
Percentile by Number Answered
Your Score History
You have not taken this quiz